[Event "Championnat de France - Accession"]
[Site "Nimes"]
[Date "2009.08.20"]
[Round "9.5"]
[White "Jablonski, Noham"]
[Black "Villegas, Pierre"]
[Result "1-0"]
[WhiteElo "2305"]
[BlackElo "2202"]
[PlyCount "65"]
[EventDate "2009.??.??"]

1. e4 c6 2. d4 d5 3. e5 Bf5 4. Nf3 e6 5. Be2 Ne7 6. O-O Bg6 7. b3 Nf5 8. c4 Bh5
9. Be3 Be7 10. Nc3 O-O 11. h3 Bxf3 12. Bxf3 Nd7 13. cxd5 cxd5 14. Bg4 Nxe3 15.
fxe3 Qa5 16. Qd3 Rac8 17. Ne2 Rc6 18. e4 Nb6 19. Rf2 dxe4 20. Qxe4 Nd5 21. Raf1
Bg5 22. Rf3 Qd2 23. Rd3 Qxa2 24. Bh5 f5 25. exf6 Rxf6 26. Rdf3 Rxf3 27. Qxf3
Bf6 28. Qg3 Rc8 29. Qd6 Qa6 30. Qd7 Qc6 31. Qf7+ Kh8 32. Rc1 Nc3 33. Kh1 1-0

[Event "Championnat de France - Accession"]
[Site "Nimes"]
[Date "2009.08.20"]
[Round "9.6"]
[White "Dubreuil, Julien"]
[Black "Boudre, Jean-Pierre"]
[Result "0-1"]
[WhiteElo "2250"]
[BlackElo "2337"]
[PlyCount "80"]
[EventDate "2009.??.??"]

1. e4 Nf6 2. e5 Nd5 3. d4 d6 4. c4 Nb6 5. exd6 exd6 6. Nc3 Be7 7. Bd3 O-O 8.
Nge2 Nc6 9. O-O Bg4 10. f3 Bh5 11. Nf4 Bg6 12. Nxg6 hxg6 13. Be3 Bf6 14. Ne2
Re8 15. Bf2 Nb4 16. Re1 d5 17. c5 Nc4 18. Bb1 a5 19. a3 Nc6 20. b3 Ne3 21. Qd3
Nf5 22. Bc2 Rxe2 23. Rxe2 Nfxd4 24. Rae1 Nxe2+ 25. Rxe2 Qf8 26. Rd2 Bb2 27. h4
Bxa3 28. Qxd5 Nb4 29. Qxb7 Qb8 30. Qxb8+ Rxb8 31. Bg3 Rb5 32. Bf2 Nxc2 33. Rxc2
Rxb3 34. c6 Bd6 35. Bc5 Bg3 36. Kf1 a4 37. Ke2 Rb5 38. Kd3 f6 39. Rc3 Kf7 40.
Kc2 Be5 0-1

[Event "Championnat de France - Accession"]
[Site "Nimes"]
[Date "2009.08.20"]
[Round "9.7"]
[White "Jolly, Jean-Francois"]
[Black "Valles, Manuel"]
[Result "1-0"]
[WhiteElo "2366"]
[BlackElo "2142"]
[PlyCount "71"]
[EventDate "2009.??.??"]

1. d4 Nf6 2. c4 g6 3. Nc3 Bg7 4. e4 d6 5. Nf3 O-O 6. Be2 e5 7. O-O Nc6 8. d5
Ne7 9. b4 Nh5 10. Re1 f5 11. Ng5 Nf6 12. Bf3 c6 13. Bb2 h6 14. Ne6 Bxe6 15.
dxe6 fxe4 16. Nxe4 Nxe4 17. Rxe4 d5 18. cxd5 cxd5 19. Rxe5 Bxe5 20. Bxe5 Qb6
21. Bb2 Kh7 22. Qe2 d4 23. h4 Qxb4 24. Rd1 Rad8 25. Rd3 Qc4 26. h5 Rf6 27.
hxg6+ Kg7 28. Bg4 Qxa2 29. Rd2 Qa4 30. Qe5 Nc6 31. Qc7+ Kxg6 32. Bd1 Qa5 33.
Bc2+ d3 34. Qg3+ Qg5 35. Rxd3 Nb4 36. Rxd8+ 1-0

[Event "Championnat de France - Accession"]
[Site "Nimes"]
[Date "2009.08.20"]
[Round "9.8"]
[White "Crut, Aurelien"]
[Black "Rabineau, Clement"]
[Result "1/2-1/2"]
[WhiteElo "2335"]
[BlackElo "2263"]
[PlyCount "45"]
[EventDate "2009.??.??"]

1. e4 d5 2. exd5 Qxd5 3. Nc3 Qd6 4. d4 Nf6 5. Nf3 a6 6. g3 b5 7. Bg2 Bb7 8. O-O
e6 9. Bf4 Qb6 10. a4 Bd6 11. Be3 b4 12. a5 Qa7 13. Na4 Nd5 14. Bd2 Nc6 15. c4
bxc3 16. Bxc3 O-O 17. Qd3 Nf6 18. Ne5 Nb4 19. Qc4 Bxg2 20. Kxg2 Qb7+ 21. Kg1
Nfd5 22. Nc5 Qb5 23. Qxb5 1/2-1/2

[Event "Championnat de France - Accession"]
[Site "Nimes"]
[Date "2009.08.20"]
[Round "9.9"]
[White "Saada, Julien"]
[Black "Bissieres, Matthieu"]
[Result "1/2-1/2"]
[WhiteElo "2289"]
[BlackElo "2300"]
[PlyCount "50"]
[EventDate "2009.??.??"]

1. d4 Nf6 2. Bg5 Ne4 3. Bf4 c5 4. f3 Qa5+ 5. c3 Nf6 6. d5 Qb6 7. Bc1 e6 8. c4
exd5 9. cxd5 c4 10. e3 Bc5 11. Kf2 O-O 12. Bxc4 Re8 13. Qb3 Qd6 14. Ne2 b5 15.
Bxb5 Bb7 16. Bc4 Bxd5 17. Bxd5 Qxd5 18. Qxd5 Nxd5 19. Nd4 Nc6 20. Rd1 Rab8 21.
Nc2 Re5 22. Nba3 Nb6 23. Bd2 Nd5 24. Nc4 Rh5 25. h3 Nf4 1/2-1/2

[Event "Championnat de France - Accession"]
[Site "Nimes"]
[Date "2009.08.20"]
[Round "9.10"]
[White "Moussard, Jules"]
[Black "Ider, Borya"]
[Result "1-0"]
[WhiteElo "2292"]
[BlackElo "2234"]
[PlyCount "51"]
[EventDate "2009.??.??"]

1. e4 e6 2. Qe2 e5 3. f4 d6 4. Nf3 Nc6 5. c3 Bg4 6. h3 Bxf3 7. Qxf3 Nf6 8. Bc4
exf4 9. d4 Qe7 10. O-O g5 11. Nd2 O-O-O 12. Bb5 Nb8 13. b3 c6 14. Bd3 h5 15.
Ba3 Qc7 16. h4 Bh6 17. hxg5 Bxg5 18. Nc4 Ng4 19. e5 dxe5 20. Bf5+ Rd7 21. dxe5
Nxe5 22. Qe4 Nxc4 23. bxc4 b6 24. Rad1 Kb7 25. Bxd7 Nxd7 26. Qf5 1-0

[Event "Championnat de France - Accession"]
[Site "Nimes"]
[Date "2009.08.20"]
[Round "9.11"]
[White "Ouakhir, Mehdi"]
[Black "Guilleux, Fabien"]
[Result "1/2-1/2"]
[WhiteElo "2237"]
[BlackElo "2381"]
[PlyCount "247"]
[EventDate "2009.??.??"]

1. d4 Nf6 2. Bg5 e6 3. e3 c5 4. c3 cxd4 5. exd4 b6 6. Nf3 Bb7 7. Bd3 Be7 8.
Nbd2 a6 9. O-O d6 10. a4 Nbd7 11. Re1 O-O 12. Nf1 Re8 13. Ng3 h6 14. Bd2 Qc7
15. Rc1 Bf8 16. Bb1 e5 17. dxe5 dxe5 18. Qe2 Rad8 19. Bc2 Bd5 20. b3 Nc5 21. c4
Bxf3 22. gxf3 Ne6 23. Bc3 Nd4 24. Bxd4 Rxd4 25. Be4 g6 26. Red1 Bc5 27. Kh1
Red8 28. Rxd4 Rxd4 29. Rd1 Rxd1+ 30. Qxd1 Bxf2 31. Qd2 Bxg3 32. hxg3 Kg7 33.
Kg2 a5 34. b4 axb4 35. Qxb4 Qa7 36. Qb5 Qa5 37. c5 Qd2+ 38. Kg1 Qe1+ 39. Kg2
Qd2+ 40. Kg1 bxc5 41. Qxc5 Qd1+ 42. Kg2 Qxa4 43. Qxe5 Qa2+ 44. Kg1 Qd2 45. Kf1
Qh2 46. Ke1 h5 47. Qf4 Qb2 48. Kf1 Qd4 49. Ke2 Nd7 50. Qd2 Qc4+ 51. Kf2 Ne5 52.
Qd5 Qc3 53. Qa2 Nc4 54. Qe2 Qd4+ 55. Kg2 Ne3+ 56. Kf2 Nd1+ 57. Kg2 Kh7 58. Qa2
Ne3+ 59. Kh2 Kg7 60. Qe2 f5 61. Bb1 h4 62. gxh4 Qxh4+ 63. Kg1 Qg3+ 64. Kh1 Qh3+
65. Kg1 Qg3+ 66. Kh1 f4 67. Qb2+ Kh7 68. Qh2+ Kg7 69. Qb2+ Kh7 70. Qh2+ Qxh2+
71. Kxh2 Kg7 72. Be4 Kf6 73. Kg1 Nf5 74. Kf2 Ke5 75. Bb7 Nd6 76. Bc6 Kd4 77.
Ke2 Kc3 78. Bd5 Nf5 79. Bb7 Nd4+ 80. Kf2 Kd2 81. Be4 g5 82. Bb7 Nc2 83. Kg2 Ke2
84. Kh3 Ne3 85. Ba8 Kf2 86. Bb7 Kf1 87. Ba8 Ke2 88. Bb7 Kd2 89. Ba8 Kc3 90. Bb7
Kd4 91. Ba8 Ke5 92. Bb7 Kf5 93. Ba8 Nc4 94. Kg2 Ke6 95. Kh3 Ne5 96. Kg2 Kd6 97.
Kf2 Kc5 98. Ke2 Kd4 99. Kd2 Nc4+ 100. Ke2 Kc3 101. Bb7 Ne5 102. Ba8 Nd3 103.
Bb7 Nc1+ 104. Kf2 Kd2 105. Kg2 Nd3 106. Kh3 Nf2+ 107. Kg2 Ke3 108. Ba8 Nd3 109.
Kh3 Ne5 110. Bb7 Nxf3 111. Kg4 Nd2 112. Kxg5 Ne4+ 113. Kg4 f3 114. Ba6 f2 115.
Kh3 Kd2 116. Kg2 Ke1 117. Kf3 Nc5 118. Bb5 Nb3 119. Ba6 Nd2+ 120. Ke3 Nb1 121.
Kf3 Na3 122. Ke3 Nc2+ 123. Kf3 Nd4+ 124. Ke3 1/2-1/2

[Event "Championnat de France - Accession"]
[Site "Nimes"]
[Date "2009.08.20"]
[Round "9.12"]
[White "Migot, Tangi"]
[Black "Grimberg, Gilbert"]
[Result "1/2-1/2"]
[WhiteElo "2114"]
[BlackElo "2336"]
[PlyCount "81"]
[EventDate "2009.??.??"]

1. e4 d6 2. d4 Nf6 3. Nc3 e5 4. Nf3 Nbd7 5. Bc4 Be7 6. O-O O-O 7. Re1 c6 8. a4
a5 9. h3 h6 10. Be3 Qc7 11. Qd2 exd4 12. Bxd4 Ne5 13. Be2 Be6 14. Rad1 Nxf3+
15. Bxf3 Nd7 16. Bg4 Rad8 17. Ne2 Bxg4 18. hxg4 Bf6 19. Ng3 Bxd4 20. Qxd4 Qb6
21. Nf5 Qxd4 22. Rxd4 Nb6 23. b3 d5 24. exd5 Nxd5 25. Kf1 Nf6 26. Red1 Rxd4 27.
Rxd4 Rb8 28. f3 Kf8 29. Rd6 Ne8 30. Rd3 b5 31. Nd4 Rb6 32. Rc3 bxa4 33. bxa4
Rb4 34. Nb3 Rxa4 35. Rxc6 Ra2 36. Ke2 a4 37. Nc1 Ra1 38. Kd2 Nf6 39. Rc5 Nd7
40. Rb5 Ke7 41. c3 1/2-1/2

[Event "Championnat de France - Accession"]
[Site "Nimes"]
[Date "2009.08.20"]
[Round "9.13"]
[White "Nass, Emile"]
[Black "Song, Julien"]
[Result "1/2-1/2"]
[WhiteElo "2186"]
[BlackElo "2319"]
[PlyCount "36"]
[EventDate "2009.??.??"]

1. d4 Nf6 2. Nf3 e6 3. g3 d5 4. Bg2 Be7 5. O-O O-O 6. c4 dxc4 7. Qc2 a6 8. Qxc4
b5 9. Qc2 Bb7 10. Bg5 Nbd7 11. Bxf6 Nxf6 12. Nbd2 Rc8 13. Nb3 c5 14. dxc5 Be4
15. Qc3 Bd5 16. Rac1 Bxb3 17. Qxb3 Bxc5 18. e3 Qb6 1/2-1/2

[Event "Championnat de France - Accession"]
[Site "Nimes"]
[Date "2009.08.20"]
[Round "9.14"]
[White "Stephan, Victor"]
[Black "Van Elst, Andreas"]
[Result "0-1"]
[WhiteElo "2198"]
[BlackElo "2288"]
[PlyCount "90"]
[EventDate "2009.??.??"]

1. d4 Nf6 2. c4 g6 3. Nc3 Bg7 4. e4 d6 5. Be2 O-O 6. Nf3 Nbd7 7. O-O e5 8. Qc2
c6 9. Rd1 Qe7 10. d5 c5 11. Bg5 h6 12. Bh4 a6 13. Nd2 Qe8 14. Nf1 Nh7 15. Ne3
h5 16. h3 Bh6 17. Bd3 Bf4 18. a3 f6 19. b4 Rf7 20. Rab1 Qf8 21. Rf1 Qh6 22. Qe2
Ng5 23. Na4 b5 24. Nc3 bxc4 25. Nxc4 cxb4 26. axb4 Qf8 27. Na4 Nh7 28. Nab6
Nxb6 29. Nxb6 Raa7 30. Ra1 Bb7 31. Bxa6 Qb8 32. Bb5 Nf8 33. Ra5 Kg7 34. Rfa1
Rxa5 35. bxa5 Rc7 36. a6 Bxa6 37. Bxa6 Qxb6 38. g3 Bh6 39. g4 hxg4 40. hxg4 Bf4
41. Qb5 Qd4 42. Qa4 Rc1+ 43. Rxc1 Qxa4 44. Rc7+ Kh6 45. Bxf6 Qxa6 0-1

[Event "Championnat de France - Accession"]
[Site "Nimes"]
[Date "2009.08.20"]
[Round "9.15"]
[White "Ravot, Sylvain"]
[Black "Le Goff, Damien"]
[Result "0-1"]
[WhiteElo "2276"]
[BlackElo "2270"]
[PlyCount "62"]
[EventDate "2009.??.??"]

1. e4 e6 2. d4 d5 3. Nd2 Nc6 4. Ngf3 Nf6 5. e5 Nd7 6. c4 Be7 7. Bd3 Nb4 8. Bb1
dxc4 9. Nxc4 Nb6 10. Ne3 Bd7 11. a3 N4d5 12. a4 a5 13. O-O Bc6 14. Bd2 h5 15.
b3 g5 16. Nxd5 Qxd5 17. Be3 h4 18. Ne1 h3 19. f3 hxg2 20. Rf2 Qd7 21. Be4 Nd5
22. Bd2 O-O-O 23. Nd3 f5 24. Bxd5 Qxd5 25. Bc3 Rh4 26. Ne1 Rdh8 27. Rxg2 g4 28.
Raa2 gxf3 29. Rgf2 Rxh2 30. Qxf3 Rh1+ 31. Kg2 f4 0-1

[Event "Championnat de France - Accession"]
[Site "Nimes"]
[Date "2009.08.20"]
[Round "9.16"]
[White "Meynard, Thibault"]
[Black "Mancini, Mario"]
[Result "0-1"]
[WhiteElo "2288"]
[BlackElo "2269"]
[PlyCount "138"]
[EventDate "2009.??.??"]

1. d4 Nf6 2. c4 Nc6 3. Nf3 e6 4. Nc3 Bb4 5. Bg5 h6 6. Bh4 d6 7. e3 Bxc3+ 8.
bxc3 Qe7 9. Be2 O-O 10. Qc2 e5 11. h3 Re8 12. g4 e4 13. Nd2 g5 14. Bg3 Kg7 15.
O-O-O Bd7 16. Rdg1 a6 17. h4 b5 18. hxg5 hxg5 19. c5 dxc5 20. Bxc7 cxd4 21.
exd4 Nd5 22. Nxe4 Qa3+ 23. Qb2 Qxb2+ 24. Kxb2 Rxe4 25. Bd3 Rae8 26. Rh5 Nxc7
27. Bxe4 Rxe4 28. Rxg5+ Kf6 29. Rc5 Ne8 30. g5+ Kg7 31. Rd5 Be6 32. Rc5 Ne7 33.
Rc1 Nd6 34. a4 Nc4+ 35. Kb3 Re2 36. axb5 axb5 37. Rc2 Ne3+ 38. d5 Nxc2 39. dxe6
fxe6 40. Rc7 Kf8 41. f4 Ne3 42. Rb7 N3d5 43. Rb8+ Kf7 44. Rxb5 Nxf4 45. Kc4
Re4+ 46. Kb3 Re3 47. Kb2 Kg6 48. c4 Rg3 49. Rb7 Nc6 50. Rc7 Ne5 51. c5 Kxg5 52.
c6 Kf6 53. Rc8 Ke7 54. c7 Kd7 55. Rf8 Kxc7 56. Kc2 Nd5 57. Rh8 Nc4 58. Rh7+ Kd6
59. Rh8 Rc3+ 60. Kb1 e5 61. Rd8+ Kc5 62. Rc8+ Kd4 63. Rh8 e4 64. Rh4 Nb4 65.
Rh2 Rg3 66. Rh1 Rg2 67. Rd1+ Kc3 68. Ka1 Ra2+ 69. Kb1 Na3+ 0-1

[Event "Championnat de France - Accession"]
[Site "Nimes"]
[Date "2009.08.20"]
[Round "9.17"]
[White "Favarel, Antoine"]
[Black "Saucey, Michel"]
[Result "1/2-1/2"]
[WhiteElo "2213"]
[BlackElo "2366"]
[PlyCount "38"]
[EventDate "2009.??.??"]

1. e4 c5 2. Nf3 Nc6 3. Bb5 g6 4. O-O Bg7 5. Re1 e5 6. Bxc6 dxc6 7. d3 Ne7 8.
Be3 b6 9. a4 O-O 10. a5 Ba6 11. Na3 Qc7 12. axb6 axb6 13. Nc4 Rfb8 14. Bd2 Bf6
15. Qe2 Nc8 16. h3 Nd6 17. Nxd6 Qxd6 18. b3 Bc8 19. Bc3 Be6 1/2-1/2

[Event "Championnat de France - Accession"]
[Site "Nimes"]
[Date "2009.08.20"]
[Round "9.18"]
[White "Bonn, Thomas"]
[Black "Strugnell, Carl"]
[Result "1-0"]
[WhiteElo "2225"]
[BlackElo "2280"]
[PlyCount "71"]
[EventDate "2009.??.??"]

1. e4 c5 2. c3 d6 3. d4 Nf6 4. Bd3 g6 5. Ne2 Bg7 6. O-O O-O 7. a4 a6 8. Na3
cxd4 9. cxd4 Bd7 10. Bd2 Nc6 11. Qb3 Rb8 12. Nc2 b5 13. axb5 axb5 14. Ra6 Ne8
15. d5 Ne5 16. Ned4 Qc8 17. Rfa1 f5 18. exf5 Nxd3 19. Qxd3 Bxf5 20. Nxf5 Rxf5
21. Ne3 Rf4 22. Rc6 Qd7 23. Bc3 e5 24. b4 Bf8 25. Ra5 Qb7 26. h3 Rf7 27. Ng4
Rc7 28. Raa6 Rxc6 29. Rxc6 Nc7 30. Nf6+ Kg7 31. Nd7 Rd8 32. Nxe5 Kg8 33. Ng4
Ne8 34. Qe3 Qf7 35. Qd4 Bg7 36. Qb6 1-0

[Event "Championnat de France - Accession"]
[Site "Nimes"]
[Date "2009.08.20"]
[Round "9.19"]
[White "Buscara, Sevan"]
[Black "Lefebvre, Herve"]
[Result "1/2-1/2"]
[WhiteElo "2225"]
[BlackElo "2279"]
[PlyCount "33"]
[EventDate "2009.??.??"]

1. d4 Nf6 2. Nf3 g6 3. Bf4 Bg7 4. e3 c5 5. c3 b6 6. h3 O-O 7. Nbd2 Bb7 8. Be2
d6 9. O-O Nbd7 10. Bh2 a6 11. Qb1 b5 12. e4 e5 13. a4 c4 14. b3 exd4 15. Bxd6
dxc3 16. Bxf8 Qxf8 17. e5 1/2-1/2

[Event "Championnat de France - Accession"]
[Site "Nimes"]
[Date "2009.08.20"]
[Round "9.20"]
[White "Kassis, Antoine"]
[Black "Schabanel, Stephane"]
[Result "0-1"]
[WhiteElo "2183"]
[BlackElo "2259"]
[PlyCount "68"]
[EventDate "2009.??.??"]

1. d4 d5 2. c4 c6 3. Nc3 dxc4 4. e4 b5 5. a4 b4 6. Na2 Nf6 7. e5 Nd5 8. Bxc4 e6
9. Nf3 a5 10. O-O Ba6 11. Qe2 Qb6 12. Be3 Be7 13. Nc1 O-O 14. Nb3 Rc8 15. Nfd2
Nd7 16. Rac1 Bxc4 17. Nxc4 Qd8 18. f4 g6 19. g4 c5 20. f5 Nxe3 21. Nxe3 cxd4
22. Rxc8 Rxc8 23. Nc4 Nc5 24. Nbd2 d3 25. Qf3 Qd4+ 26. Kg2 gxf5 27. gxf5 Kh8
28. fxe6 Rg8+ 29. Kh1 fxe6 30. Nd6 h6 31. Nf7+ Kg7 32. Qh5 Qe3 33. Nf3 Ne4 34.
Qh3 d2 0-1

[Event "Championnat de France - Accession"]
[Site "Nimes"]
[Date "2009.08.20"]
[Round "9.21"]
[White "Velten, Paul"]
[Black "Lutz, Eric"]
[Result "0-1"]
[WhiteElo "2153"]
[BlackElo "2245"]
[PlyCount "64"]
[EventDate "2009.??.??"]

1. d4 f5 2. Bg5 h6 3. Bh4 g5 4. e4 Bg7 5. Bg3 fxe4 6. f3 c5 7. fxe4 cxd4 8. Bc4
d6 9. Qh5+ Kd7 10. Qg6 Qf8 11. e5 dxe5 12. Nf3 Kd8 13. Nxe5 Bxe5 14. Bxe5 Nf6
15. O-O Nc6 16. Bxd4 Nxd4 17. Qd3 e5 18. c3 Qd6 19. cxd4 e4 20. Qc3 Bd7 21. Nd2
Rc8 22. a4 Re8 23. b3 Ng4 24. g3 e3 25. Nf3 e2 26. Rf2 Nxf2 27. Kxf2 Qf6 28.
Ke1 Rf8 29. Kxe2 b6 30. Ne5 Qf2+ 31. Kd1 Qxh2 32. Qe1 Qb2 0-1

[Event "Championnat de France - Accession"]
[Site "Nimes"]
[Date "2009.08.20"]
[Round "9.22"]
[White "Di Nicolantonio, Lucas"]
[Black "Frederic, Clement"]
[Result "1-0"]
[WhiteElo "2100"]
[BlackElo "2235"]
[PlyCount "65"]
[EventDate "2009.??.??"]

1. e4 e6 2. d4 d5 3. e5 c5 4. c3 Nc6 5. Nf3 Qb6 6. a3 c4 7. Nbd2 f6 8. Be2 fxe5
9. Nxe5 Nxe5 10. dxe5 Bc5 11. O-O Bd7 12. a4 Ne7 13. b4 cxb3 14. Nxb3 Nf5 15.
a5 Qc7 16. Nxc5 Qxc5 17. Qb3 Qc7 18. Ba3 Bc6 19. Bb5 Kf7 20. g4 Ne7 21. Bd6 Qc8
22. Rfb1 Rd8 23. Bxc6 bxc6 24. Qb7 Rd7 25. a6 c5 26. Qxc8 Rxc8 27. Rb7 Rcd8 28.
Rab1 Nc6 29. Bxc5 Nxe5 30. Bxa7 Ke8 31. Bb8 Nc6 32. a7 Rxb7 33. Rxb7 1-0

[Event "Championnat de France - Accession"]
[Site "Nimes"]
[Date "2009.08.20"]
[Round "9.23"]
[White "Ber, Yves"]
[Black "Manoeuvre, Antoine"]
[Result "1/2-1/2"]
[WhiteElo "2040"]
[BlackElo "2232"]
[PlyCount "33"]
[EventDate "2009.??.??"]

1. d4 Nf6 2. Nf3 g6 3. c4 Bg7 4. Nc3 d6 5. e4 O-O 6. Be2 e5 7. d5 a5 8. h3 Na6
9. Be3 Nc5 10. Nd2 Nfd7 11. g4 Nb6 12. Nf1 Qh4 13. Qd2 h6 14. Ng3 Bd7 15. O-O-O
Kh7 16. Rdg1 a4 17. Kb1 1/2-1/2

[Event "Championnat de France - Accession"]
[Site "Nimes"]
[Date "2009.08.20"]
[Round "9.24"]
[White "Camus, Berenger"]
[Black "Weill, Roland"]
[Result "1-0"]
[WhiteElo "2200"]
[BlackElo "2227"]
[PlyCount "95"]
[EventDate "2009.??.??"]

1. d4 d6 2. c4 e5 3. Nf3 Nd7 4. Nc3 g6 5. e4 Bg7 6. Be2 Ngf6 7. O-O O-O 8. Be3
c6 9. dxe5 dxe5 10. Nd2 Qe7 11. Qa4 Ne8 12. b4 Nc7 13. b5 Nb6 14. Qa5 c5 15.
Nd5 Nbxd5 16. cxd5 b6 17. Qc3 Ne8 18. a4 Nd6 19. f3 f5 20. Nc4 fxe4 21. Nxd6
Qxd6 22. fxe4 Rf4 23. Qc2 Bd7 24. a5 Raf8 25. axb6 axb6 26. Ra7 R4f7 27. Rxf7
Rxf7 28. Bc4 Rf8 29. Qd2 Kh8 30. h3 Rd8 31. Qf2 Rf8 32. Qh4 Bf6 33. Bg5 Bxg5
34. Qxg5 Kg7 35. Rxd7+ Qxd7 36. Qxe5+ Kh6 37. d6 Rd8 38. Qf4+ Kg7 39. Qe5+ Kh6
40. Qf4+ Kg7 41. e5 Rf8 42. Qg3 Re8 43. Qc3 Kh6 44. Qd2+ g5 45. e6 Qg7 46. d7
Rd8 47. h4 Qa1+ 48. Bf1 1-0

[Event "Championnat de France - Accession"]
[Site "Nimes"]
[Date "2009.08.20"]
[Round "9.25"]
[White "Rodier, David"]
[Black "Rouler, Charly"]
[Result "1/2-1/2"]
[WhiteElo "2145"]
[BlackElo "2335"]
[PlyCount "106"]
[EventDate "2009.??.??"]

1. d4 Nf6 2. c4 g6 3. Nc3 Bg7 4. e4 d6 5. Nf3 O-O 6. Be2 Nbd7 7. O-O e5 8. dxe5
dxe5 9. Qc2 c6 10. Rd1 Qe7 11. b3 Nh5 12. g3 Re8 13. a4 Nf8 14. Ba3 Qf6 15. Bd6
Bg4 16. Ne1 Bh3 17. Nf3 Bh6 18. c5 Ng7 19. a5 a6 20. Na4 g5 21. Nb6 Rad8 22.
Nc4 Ng6 23. Qb2 Ne6 24. b4 Bg7 25. b5 axb5 26. Nb6 g4 27. Ne1 Nd4 28. Bc7 Nxe2+
29. Qxe2 Rxd1 30. Rxd1 Nf8 31. Nd7 Nxd7 32. Rxd7 Qe6 33. Qd3 Bf8 34. Bb6 Re7
35. Rd8 h6 36. Nc2 f5 37. Ne3 fxe4 38. Qxe4 Rf7 39. Rd1 Be7 40. Bc7 Bxc5 41.
Bxe5 Bxe3 42. Rd8+ Rf8 43. Rxf8+ Kxf8 44. fxe3 h5 45. Qb4+ Ke8 46. Qe4 Kd8 47.
Qf4 c5 48. Qf8+ Kd7 49. Qxc5 Qb3 50. Qd6+ Ke8 51. Qg6+ Qf7 52. Qxf7+ Kxf7 53.
Bc3 Ke6 1/2-1/2

[Event "Championnat de France - Accession"]
[Site "Nimes"]
[Date "2009.08.20"]
[Round "9.26"]
[White "Daurelle, Herve"]
[Black "Lebreton, Flavien"]
[Result "1/2-1/2"]
[WhiteElo "2292"]
[BlackElo "2012"]
[PlyCount "39"]
[EventDate "2009.??.??"]

1. e4 c5 2. Nf3 d6 3. d4 cxd4 4. Nxd4 Nf6 5. Nc3 a6 6. Bg5 e6 7. f4 Nc6 8. e5
h6 9. Bh4 g5 10. fxg5 Nd5 11. Nxd5 exd5 12. e6 Bxe6 13. Nxe6 fxe6 14. Qh5+ Kd7
15. gxh6 Qe8 16. Qxe8+ Rxe8 17. Bg5 Bxh6 18. Bxh6 Rxh6 19. Rd1 Rg8 20. g3
1/2-1/2

[Event "Championnat de France - Accession"]
[Site "Nimes"]
[Date "2009.08.20"]
[Round "9.27"]
[White "Forgues, Fabien"]
[Black "Lacroix, Romain"]
[Result "1/2-1/2"]
[WhiteElo "2184"]
[BlackElo "2141"]
[PlyCount "27"]
[EventDate "2009.??.??"]

1. e4 e5 2. d4 exd4 3. Nf3 Bb4+ 4. c3 dxc3 5. bxc3 Bc5 6. Bc4 Nf6 7. e5 d5 8.
exf6 dxc4 9. Qxd8+ Kxd8 10. fxg7 Re8+ 11. Kf1 Bf5 12. Bg5+ Be7 13. Nbd2 Rg8 14.
Bxe7+ 1/2-1/2

[Event "Championnat de France - Accession"]
[Site "Nimes"]
[Date "2009.08.20"]
[Round "9.28"]
[White "Iwanesko, Alexandre"]
[Black "Prodhomme, Boris"]
[Result "1-0"]
[WhiteElo "2101"]
[BlackElo "2183"]
[PlyCount "71"]
[EventDate "2009.??.??"]

1. e4 c5 2. Nf3 Nf6 3. Nc3 Nc6 4. d4 d5 5. exd5 Nxd5 6. Bc4 e6 7. O-O cxd4 8.
Nxd5 exd5 9. Bb5 Bc5 10. Nxd4 Qb6 11. Qe2+ Kd8 12. Nxc6+ bxc6 13. Bd3 Be6 14.
Bg5+ Kd7 15. c4 d4 16. Bf4 a5 17. b3 f6 18. Rfe1 Rae8 19. Qf3 Bb4 20. Re2 Bc3
21. Rb1 c5 22. Be4 Re7 23. Rd1 Ke8 24. Bc6+ Kf7 25. Bd6 Rhe8 26. Bxe8+ Kxe8 27.
Bxe7 Kxe7 28. Qh5 Kd6 29. Qe8 Bd7 30. Qf8+ Kc7 31. Re7 a4 32. Qxg7 Qc6 33. Qxh7
axb3 34. axb3 Bb4 35. h4 Qd6 36. h5 1-0

[Event "Championnat de France - Accession"]
[Site "Nimes"]
[Date "2009.08.20"]
[Round "9.29"]
[White "Romieux, Sebastien"]
[Black "Lewis, John"]
[Result "1/2-1/2"]
[WhiteElo "2284"]
[BlackElo "2147"]
[PlyCount "119"]
[EventDate "2009.??.??"]

1. e4 e5 2. Nf3 Nf6 3. Nxe5 d6 4. Nf3 Nxe4 5. d4 d5 6. Bd3 Bd6 7. O-O O-O 8. c4
c6 9. Qc2 Bg4 10. Ne5 Be6 11. f3 Nf6 12. Bg5 h6 13. Bh4 Na6 14. a3 dxc4 15.
Nxc4 Be7 16. Bf2 c5 17. Nbd2 cxd4 18. b4 Rc8 19. Qb2 Nc7 20. Rac1 Nfd5 21. Qxd4
Nf4 22. Qxf4 Qxd3 23. Ne5 Qf5 24. Qxf5 Bxf5 25. Bc5 Rfe8 26. f4 f6 27. Nef3 Bd3
28. Rfe1 Bxc5+ 29. Rxc5 Rxe1+ 30. Nxe1 b6 31. Rc6 Bb5 32. Rd6 Re8 33. Nc2 Re6
34. Rd8+ Re8 35. Rxe8+ Bxe8 36. Nc4 Nd5 37. g3 g5 38. fxg5 fxg5 39. Kf2 Kg7 40.
Nd4 Bd7 41. Ne5 Be8 42. Ndc6 a6 43. Ke2 Kf6 44. Kd3 Bd7 45. Nb8 Bc8 46. Nf3 Nc7
47. Nd2 Be6 48. Nf1 Ke5 49. Nc6+ Kd6 50. Nd4 Ne8 51. Ne3 Ke5 52. Nf3+ Kf6 53.
Kd4 Nd6 54. Nd5+ Bxd5 55. Kxd5 Nb5 56. Kc6 Nxa3 57. Kxb6 Nc2 58. Kc5 h5 59. Nd4
Ne3 60. Kb6 1/2-1/2

[Event "Championnat de France - Accession"]
[Site "Nimes"]
[Date "2009.08.20"]
[Round "9.30"]
[White "Ozenne, Corentin"]
[Black "Maatoug, Redwan"]
[Result "0-1"]
[WhiteElo "1996"]
[BlackElo "2245"]
[Annotator "Rivier,Sylvain"]
[PlyCount "152"]
[EventDate "2009.??.??"]

1. d4 Nf6 2. c4 g6 3. Nc3 Bg7 4. e4 O-O 5. Be2 d6 6. Nf3 e5 7. O-O Nbd7 8. Re1
c6 9. Bf1 Qc7 10. h3 Re8 11. d5 a5 12. Be3 Bf8 13. a3 Nc5 14. Nd2 Nh5 15. g3
Ng7 16. g4 f5 17. f3 Nd7 18. b4 Nf6 19. Qb3 Bd7 20. g5 Nfh5 21. c5 f4 22. Bf2
a4 23. Qa2 Kh8 24. cxd6 Bxd6 25. Nc4 Ng3 26. Bg2 b5 27. Nb6 Rab8 28. dxc6 Bxc6
29. Nbd5 Bxd5 30. Nxd5 Qd8 31. Nf6 Rf8 32. h4 Qe7 33. Bh3 Rfd8 34. Red1 N3h5
35. Ng4 Ne6 36. Nh6 Nhg7 37. Rac1 Nxg5 38. Bg4 N5e6 39. Rc6 Rb7 40. Bxe6 Nxe6
41. Qa1 Bc7 42. Rxd8+ Nxd8 43. Ra6 Kg7 44. Ng4 Bd6 45. Qd1 Nf7 46. Qd5 h5 47.
Nh2 Bb8 48. Nf1 Ba7 49. Bxa7 Rxa7 50. Qxb5 Rxa6 51. Qxa6 Qxh4 52. Qxa4 Ng5 53.
Qd7+ Kh6 54. Qd3 Qe1 55. b5 h4 56. b6 Nh3+ 57. Kg2 Nf2 58. Qb5 Nd1 59. b7 Qf2+
60. Kh3 Qg1 61. Qe2 Nf2+ 62. Qxf2 Qxf2 63. b8=Q Qxf1+ 64. Kh2 Qf2+ 65. Kh1
Qxf3+ 66. Kg1 Qg3+ 67. Kf1 Qd3+ 68. Kf2 Qd4+ 69. Kf1 Kg5 70. Qe8 Qd6 71. Kg2
Qd2+ 72. Kf1 Qd3+ 73. Kf2 Qxe4 74. a4 f3 75. Qe7+ Kg4 76. Qe6+ Kh5 {suite
ilisible} 0-1

[Event "Championnat de France - Accession"]
[Site "Nimes"]
[Date "2009.08.20"]
[Round "9.31"]
[White "Maleki, Nicolas"]
[Black "Depoorter, Enguerran"]
[Result "1-0"]
[WhiteElo "2165"]
[BlackElo "2207"]
[PlyCount "71"]
[EventDate "2009.??.??"]

1. d4 Nf6 2. c4 g6 3. Nc3 Bg7 4. e4 d6 5. Nf3 O-O 6. Be2 e5 7. Be3 Nc6 8. d5
Ne7 9. Nd2 Nd7 10. O-O f5 11. f3 Nf6 12. c5 f4 13. Bf2 g5 14. cxd6 cxd6 15. Nc4
Ng6 16. Nb5 Ne8 17. Nxa7 Bd7 18. Nb6 Rb8 19. Nxd7 Qxd7 20. Bb5 Qf7 21. Bxe8
Rfxe8 22. Rc1 Bf8 23. Rc3 h5 24. Qe2 b6 25. Nb5 Rb7 26. Rfc1 Ra8 27. a3 g4 28.
Rc7 Rxc7 29. Rxc7 Qe6 30. fxg4 h4 31. h3 f3 32. Qxf3 Nf4 33. Be3 Bh6 34. Bxf4
Bxf4 35. g5 Qg6 36. Qg4 1-0